Statistiques concernant Pays par pays voisins - Amérique

Cliquez ici pour prendre le quiz!

Statistiques générales

  • Ce quiz a été pris 118 fois
  • Le résultat moyen est 9 sur 10

Statistiques - réponses

HintRéponse% Correct
Nicaragua / PanamaCosta Rica
98%
Guyana / Brésil / FranceSuriname
97%
République DominicaineHaiti
95%
Bolivie / Brésil / ArgentineParaguay
95%
Mexique / GuatemalaBelize
94%
Etats-Unis / DanemarkCanada
94%
Pérou / Colombie / Venezuela / Guyana / Suriname / France / Uruguay / Argentine / Paraguay / BolivieBrésil
93%
Pérou / Bolivie / ArgentineChili
93%
Guatemala / Salvador / NicaraguaHonduras
93%
Equateur / Colombie / Brésil / Bolivie / ChiliPérou
92%

Distribution des résultats

Percentile par nombre de réponses

% des personnes avec chaque résultat

Votre développement - résultats

Vous n’avez pas pris ce quiz